[Event "29th Metz Open - B"]
[Site "Longeville-les-Metz"]
[Date "2011.05.02"]
[Round "1.1"]
[White "Donchenko, Irina"]
[Black "Renard, Luc"]
[Result "1-0"]
[WhiteElo "2058"]
[BlackElo "1744"]
[PlyCount "47"]
[EventDate "2011.05.02"]
[Source "Roland WIMMER, Pierre BECKER (FA)"]
[SourceDate "2011.05.18"]


1. d4 e6 2. c4 b6 3. Nf3 Nf6 4. g3 Bb7 5. Bg2 Be7 6. O-O O-O 7. Nc3 Ne4 8. Qc2
Nxc3 9. Qxc3 d6 10. b3 Nd7 11. Bb2 Rb8 12. Rfd1 a5 13. a3 Qc8 14. b4 Ra8 15.
Qd2 Nf6 16. Rdc1 Rd8 17. Qc3 Ne4 18. Qc2 Bf6 19. Ne1 d5 20. cxd5 exd5 21. Qxc7
Qxc7 22. Rxc7 Ba6 23. Rc2 Bc4 24. Bxe4 1-0

[Event "29th Metz Open - B"]
[Site "Longeville-les-Metz"]
[Date "2011.05.02"]
[Round "1.2"]
[White "Frantz, Nicolas"]
[Black "Azorit, Louis"]
[Result "1/2-1/2"]
[WhiteElo "1742"]
[BlackElo "2013"]
[PlyCount "119"]
[EventDate "2011.05.02"]
[Source "Roland WIMMER, Pierre BECKER (FA)"]
[SourceDate "2011.05.18"]

1. e4 c6 2. d4 d5 3. exd5 cxd5 4. Bd3 Nf6 5. Bf4 Nc6 6. c3 e6 7. Nd2 Bd6 8. Bg3
Bxg3 9. hxg3 e5 10. dxe5 Nxe5 11. Qe2 Qe7 12. Bb5+ Nc6 13. Qxe7+ Kxe7 14. Ngf3
Re8 15. O-O-O Kf8 16. Nb3 a6 17. Bd3 h6 18. Rhe1 Bg4 19. Rxe8+ Rxe8 20. Re1
Rxe1+ 21. Nxe1 Ke7 22. Nc2 Kd6 23. Ncd4 Bc8 24. f3 Nh5 25. Bf5 Be6 26. g4 Nxd4
27. Nxd4 Ng3 28. Bd3 h5 29. gxh5 Nxh5 30. Ne2 g5 31. Kd2 f5 32. g3 f4 33. g4
Nf6 34. Nd4 Bd7 35. b4 Ne8 36. a3 Ke7 37. Kc2 Nd6 38. Kb3 b5 39. Bb1 Nc4 40.
Bh7 Nd2+ 41. Kb2 Nc4+ 42. Kb3 Ne3 43. Bb1 Nc4 44. Bh7 Kd6 45. Bd3 Ne5 46. Bb1
Nc6 47. Bd3 Ke5 48. Nxc6+ Bxc6 49. Kc2 d4 50. Be2 Bd5 51. Kd2 Bb3 52. Bd3 Bd5
53. Be2 dxc3+ 54. Kxc3 Bc6 55. Bd1 Kd5 56. Be2 Ke5 57. Bd1 Bd5 58. Be2 Be6 59.
Bd3 Bd5 60. Be2 1/2-1/2

[Event "29th Metz Open - B"]
[Site "Longeville-les-Metz"]
[Date "2011.05.02"]
[Round "1.3"]
[White "Vaillant, Stephane"]
[Black "Thiebaux, Jean-Claude"]
[Result "1-0"]
[WhiteElo "1998"]
[BlackElo "1731"]
[PlyCount "99"]
[EventDate "2011.05.02"]
[Source "Roland WIMMER, Pierre BECKER (FA)"]
[SourceDate "2011.05.18"]

1. d4 d5 2. Nf3 c6 3. c4 Nf6 4. Nc3 e6 5. cxd5 cxd5 6. Bf4 a6 7. e3 Nc6 8. Rc1
Bd7 9. Bd3 Be7 10. h3 Rc8 11. O-O O-O 12. a3 Re8 13. Na4 b5 14. Nc5 Qb6 15. b4
a5 16. Bg5 Rc7 17. Ne5 Bc8 18. Nxc6 Rxc6 19. Qe2 Rc7 20. Bxb5 Rd8 21. bxa5 Qxa5
22. a4 h6 23. Bf4 Ra7 24. Rc2 Bd6 25. Bxd6 Rxd6 26. Nb3 Qd8 27. Rfc1 Ra8 28.
Rc5 Ne4 29. Rc7 Rb6 30. R7c6 Rbb8 31. R6c2 Qf6 32. Nc5 Ng5 33. Bd7 Qg6 34. Bxc8
Rxc8 35. Kh2 Rcb8 36. Rb2 Rc8 37. Rbc2 Rcb8 38. Qd2 Ne4 39. Nxe4 Qxe4 40. a5 e5
41. Rc5 f5 42. f3 Qh4 43. dxe5 Kh7 44. Rxd5 Rb3 45. Qc2 Rxe3 46. Qxf5+ Kg8 47.
Rc8+ Rxc8 48. Qxc8+ Kh7 49. Qf5+ Kg8 50. Rc5 1-0

[Event "29th Metz Open - B"]
[Site "Longeville-les-Metz"]
[Date "2011.05.02"]
[Round "1.4"]
[White "Muller, Etienne"]
[Black "Hartmann, Dominique"]
[Result "1/2-1/2"]
[WhiteElo "1717"]
[BlackElo "1983"]
[PlyCount "127"]
[EventDate "2011.05.02"]
[Source "Roland WIMMER, Pierre BECKER (FA)"]
[SourceDate "2011.05.18"]

1. c4 c5 2. g3 Nf6 3. Bg2 d5 4. cxd5 Nxd5 5. Nc3 Nc7 6. Nf3 Nc6 7. O-O e5 8. d3
Be7 9. Be3 Bd7 10. Rc1 Rc8 11. Nd2 O-O 12. f4 b6 13. f5 Nd4 14. g4 Bc6 15. Bxc6
Nxc6 16. Nde4 f6 17. Qe1 Nd5 18. Bd2 Nxc3 19. bxc3 c4 20. Rf3 cxd3 21. exd3 Kf7
22. Qh4 Rh8 23. g5 Ke8 24. Kh1 Kd7 25. gxf6 Bxf6 26. Nxf6+ gxf6 27. Rg1 Rc7 28.
Rg7+ Kc8 29. Rxc7+ Kxc7 30. Qc4 Qd7 31. Rg3 Rd8 32. Qe4 Qd5 33. Qxd5 Rxd5 34.
Bh6 Rd7 35. Kg2 Ne7 36. Rf3 Nd5 37. Bd2 Ne7 38. Bh6 Nd5 39. Bd2 Kc6 40. a3 Rg7+
41. Rg3 Rd7 42. Rf3 b5 43. Kf2 Ne7 44. Rh3 Nd5 45. Rf3 Nc7 46. Ke2 Ne8 47. Bh6
Nd6 48. Bf8 Kd5 49. Bxd6 Rxd6 50. Rh3 Rd7 51. Rh6 Rf7 52. Ke3 a5 53. Rh4 Rc7
54. Kd2 Rg7 55. Rh6 Rf7 56. Ke3 Kc5 57. Rh3 b4 58. axb4+ axb4 59. cxb4+ Kxb4
60. Rh6 Kc5 61. Ke4 Kd6 62. d4 exd4 63. Kxd4 Kc6 64. Kc4 1/2-1/2

[Event "29th Metz Open - B"]
[Site "Longeville-les-Metz"]
[Date "2011.05.02"]
[Round "1.5"]
[White "Steininger, Denis"]
[Black "Ledieu, Vincent"]
[Result "1-0"]
[WhiteElo "1978"]
[BlackElo "1687"]
[PlyCount "65"]
[EventDate "2011.05.02"]
[Source "Roland WIMMER, Pierre BECKER (FA)"]
[SourceDate "2011.05.18"]

1. e4 c5 2. Nf3 d6 3. d4 cxd4 4. Nxd4 Nf6 5. Nc3 g6 6. Be3 Bg7 7. Qd2 Ng4 8.
Bg5 h6 9. Bh4 O-O 10. Nd5 g5 11. Bg3 Nc6 12. c3 e6 13. Nxc6 bxc6 14. Nb4 Qb6
15. Qxd6 c5 16. Nd3 Nf6 17. f3 Rd8 18. Qxb6 axb6 19. Bc7 Rd7 20. Bxb6 c4 21.
Nb4 Rb7 22. Bd4 Rc7 23. Be5 Rc5 24. Bd6 Rca5 25. Bxc4 Bb7 26. Nd3 Rc8 27. Bb3
Ba6 28. O-O-O Ne8 29. Bb4 Rb5 30. Kb1 Rbb8 31. Nc5 Be2 32. Rd2 Bb5 33. Rhd1 1-0

[Event "29th Metz Open - B"]
[Site "Longeville-les-Metz"]
[Date "2011.05.02"]
[Round "1.6"]
[White "Marchal, Roger"]
[Black "Van Rienen, Willy"]
[Result "0-1"]
[WhiteElo "1677"]
[BlackElo "1967"]
[PlyCount "137"]
[EventDate "2011.05.02"]
[Source "Roland WIMMER, Pierre BECKER (FA)"]
[SourceDate "2011.05.18"]

1. c4 Nf6 2. g3 g6 3. Bg2 Bg7 4. Nc3 O-O 5. Nf3 c6 6. O-O d5 7. cxd5 cxd5 8. d4
Nc6 9. a3 Bg4 10. Bg5 Rc8 11. Rc1 h6 12. Bd2 Bxf3 13. Bxf3 Nxd4 14. Bg2 Nc6 15.
Na2 e5 16. Bb4 Nxb4 17. Nxb4 Rxc1 18. Qxc1 a5 19. Nd3 e4 20. Nc5 b6 21. Na4 Qd6
22. e3 Nd7 23. Rd1 f5 24. Nc3 Rc8 25. Qd2 Bxc3 26. bxc3 Nf6 27. Qb2 Kf7 28. Bf1
Qc5 29. a4 g5 30. Rd4 Rc6 31. c4 dxc4 32. Bxc4+ Kg6 33. Qb5 Qxb5 34. Bxb5 Rc1+
35. Kg2 Ng4 36. h3 Ne5 37. Rd6+ Kg7 38. Rxb6 Nf3 39. Bf1 Ra1 40. Rb7+ Kg6 41.
Rb6+ Kh5 42. Rb5 Rxa4 43. Be2 Ra1 44. Bxf3+ exf3+ 45. Kxf3 Kg6 46. Rb6+ Kg7 47.
Rb7+ Kf6 48. Rb6+ Ke5 49. Rb5+ Ke6 50. Rb6+ Kd5 51. Rb5+ Kc4 52. Rxf5 a4 53. h4
gxh4 54. gxh4 a3 55. Ra5 a2 56. Ke2 Kb3 57. Rb5+ Ka4 58. Rb8 Re1+ 59. Kf3 a1=Q
60. Ra8+ Kb5 61. Rxa1 Rxa1 62. e4 Kc6 63. Kf4 Kd6 64. f3 Ra5 65. Kg4 h5+ 66.
Kf4 Ke6 67. Ke3 Ra3+ 68. Kf4 Rb3 69. e5 0-1

[Event "29th Metz Open - B"]
[Site "Longeville-les-Metz"]
[Date "2011.05.02"]
[Round "1.7"]
[White "Stephanus, Joseph"]
[Black "Bianchi, Tobias"]
[Result "1/2-1/2"]
[WhiteElo "1959"]
[BlackElo "1653"]
[PlyCount "95"]
[EventDate "2011.05.02"]
[Source "Roland WIMMER, Pierre BECKER (FA)"]
[SourceDate "2011.05.18"]

1. Nf3 d5 2. c4 e6 3. e3 c5 4. cxd5 exd5 5. d4 c4 6. b3 b5 7. a4 Qa5+ 8. Bd2
Bb4 9. Qc2 Nf6 10. Nc3 Bxc3 11. Bxc3 b4 12. Bd2 c3 13. Bc1 Ba6 14. Bxa6 Nxa6
15. O-O O-O 16. Ne5 Ne4 17. f3 Nd6 18. e4 dxe4 19. fxe4 Rfe8 20. Re1 f6 21. Nf3
Rad8 22. Bf4 Nc7 23. e5 fxe5 24. dxe5 Nf7 25. Rad1 Ne6 26. Bg3 Rxd1 27. Rxd1
Rd8 28. Rxd8+ Qxd8 29. Bf2 a5 30. Qe2 Qd5 31. Qb5 Qxb5 32. axb5 c2 33. Be3 Nc5
34. Nd4 Nxe5 35. Nxc2 Nxb3 36. b6 Nd7 37. b7 Kf7 38. Ba7 Nd2 39. b8=Q Nxb8 40.
Bxb8 b3 41. Na3 b2 42. Be5 b1=Q+ 43. Nxb1 Nxb1 44. Kf1 Nd2+ 45. Ke2 Nc4 46. Bc3
a4 47. Kd3 Nd6 48. g4 1/2-1/2

[Event "29th Metz Open - B"]
[Site "Longeville-les-Metz"]
[Date "2011.05.02"]
[Round "1.8"]
[White "Gehin, Simon"]
[Black "Farnoud, Esmaeel"]
[Result "1/2-1/2"]
[WhiteElo "1649"]
[BlackElo "1920"]
[PlyCount "58"]
[EventDate "2011.05.02"]
[Source "Roland WIMMER, Pierre BECKER (FA)"]
[SourceDate "2011.05.18"]

1. e4 d5 2. exd5 Qxd5 3. Nc3 Qa5 4. d4 Nf6 5. Bd2 c6 6. Ne4 Qc7 7. Nxf6+ exf6
8. Bd3 Bd6 9. Ne2 c5 10. dxc5 Bxc5 11. O-O Nc6 12. Nf4 Ne5 13. Nd5 Qd6 14. Be4
O-O 15. Bf4 Bg4 16. Qd2 f5 17. Bxe5 Qxe5 18. Bf3 Bxf3 19. gxf3 Rad8 20. c4 Bd6
21. f4 Qe4 22. b3 Bc5 23. Rae1 Qf3 24. Qe2 Qh3 25. Kh1 Rfe8 26. Qxe8+ Bf8 27.
Qxd8 Qf3+ 28. Kg1 Qg4+ 29. Kh1 Qf3+ 1/2-1/2

[Event "29th Metz Open - B"]
[Site "Longeville-les-Metz"]
[Date "2011.05.02"]
[Round "1.9"]
[White "Mitrovic, Slobodan"]
[Black "Mangin, Jean-Marie"]
[Result "1-0"]
[WhiteElo "1915"]
[BlackElo "1640"]
[PlyCount "99"]
[EventDate "2011.05.02"]
[Source "Roland WIMMER, Pierre BECKER (FA)"]
[SourceDate "2011.05.18"]

1. e4 e5 2. Nf3 Nc6 3. Bc4 Bc5 4. b4 Bxb4 5. c3 Bc5 6. O-O Nf6 7. d4 exd4 8.
cxd4 Be7 9. e5 Ng4 10. h3 Nh6 11. g4 d5 12. Bb3 Be6 13. Nh2 Qd7 14. f4 f6 15.
f5 Nxf5 16. gxf5 Bxf5 17. exf6 gxf6 18. Qh5+ Bg6 19. Qg4 Be4 20. Qxd7+ Kxd7 21.
Nf3 Rhg8+ 22. Kf2 Bxf3 23. Kxf3 Nxd4+ 24. Kf2 c6 25. Ba3 Bd6 26. Bxd6 Kxd6 27.
Nd2 Rg7 28. Rg1 Re7 29. Bd1 Rae8 30. Nf3 Nf5 31. Re1 Rxe1 32. Nxe1 Re3 33. Bg4
Re5 34. Nf3 Nh6 35. Nxe5 fxe5 36. Ke3 c5 37. Rf1 Ke7 38. Bf5 Nf7 39. Bxh7 d4+
40. Kd3 b5 41. Rg1 c4+ 42. Ke4 d3 43. Kd5 d2 44. Kc5 Nd6 45. Rd1 c3 46. Kb4 Nc4
47. Kxc3 a5 48. Bd3 Nd6 49. Kxd2 e4 50. Re1 1-0

[Event "29th Metz Open - B"]
[Site "Longeville-les-Metz"]
[Date "2011.05.02"]
[Round "1.10"]
[White "Selvaradje, Partibane"]
[Black "Hector, Pierre"]
[Result "1/2-1/2"]
[WhiteElo "1639"]
[BlackElo "1890"]
[PlyCount "73"]
[EventDate "2011.05.02"]
[Source "Roland WIMMER, Pierre BECKER (FA)"]
[SourceDate "2011.05.18"]

1. d4 Nf6 2. c4 g6 3. Nc3 d5 4. Nf3 Bg7 5. e3 c5 6. dxc5 Qa5 7. Qa4+ Qxa4 8.
Nxa4 Na6 9. cxd5 Nxd5 10. Bxa6 bxa6 11. Nd4 e5 12. Nb3 Bd7 13. Nc3 Nb4 14. O-O
Rc8 15. e4 Be6 16. Na4 O-O 17. Bd2 Nxa2 18. Rxa2 Bxb3 19. Ra3 Bxa4 20. Rxa4
Rxc5 21. Bb4 Rc4 22. Rfa1 Rb8 23. Bc3 Rxa4 24. Rxa4 Rb6 25. f3 f6 26. Rc4 Bf8
27. Rc7 Bd6 28. Rxa7 Rxb2 29. Ra8+ Rb8 30. Rxa6 Bc5+ 31. Kf1 Rb3 32. Bd2 Kf7
33. Ke2 Bb6 34. Ra2 Bd4 35. Rc2 Rb7 36. h3 Ke6 37. Be3 1/2-1/2

[Event "29th Metz Open - B"]
[Site "Longeville-les-Metz"]
[Date "2011.05.03"]
[Round "2.1"]
[White "Lukas, Hubertus"]
[Black "Donchenko, Irina"]
[Result "0-1"]
[WhiteElo "1810"]
[BlackElo "2058"]
[PlyCount "106"]
[EventDate "2011.05.02"]
[Source "Roland WIMMER, Pierre BECKER (FA)"]
[SourceDate "2011.05.18"]

1. Nc3 c5 2. e4 Nc6 3. Bc4 Nf6 4. f3 e6 5. Nh3 a6 6. a3 d5 7. exd5 exd5 8. Ba2
Bxh3 9. gxh3 d4 10. Qe2+ Be7 11. Ne4 O-O 12. d3 Nd5 13. Rg1 Kh8 14. Qg2 Bh4+
15. Kf1 g6 16. Bxd5 Qxd5 17. Bh6 Rfe8 18. Bg5 Bxg5 19. Qxg5 Qxg5 20. Rxg5 b6
21. h4 f5 22. Nd2 b5 23. h5 Kg7 24. Kf2 Kf6 25. Rag1 Ne5 26. hxg6 hxg6 27. R5g2
Rh8 28. Nb3 Rac8 29. Nc1 Rh3 30. Rg3 Rxh2+ 31. R1g2 Rxg2+ 32. Kxg2 Rh8 33. Nb3
Nd7 34. c3 dxc3 35. bxc3 g5 36. d4 cxd4 37. cxd4 Rc8 38. Rh3 Kg6 39. Na5 Rc2+
40. Kf1 Rc3 41. Rh8 Rxf3+ 42. Ke2 Rxa3 43. Nc6 g4 44. Rd8 Nf6 45. d5 f4 46. d6
f3+ 47. Ke1 Kf5 48. Rf8 Rd3 49. Ra8 Rxd6 50. Rxa6 Ne4 51. Rb6 f2+ 52. Ke2 Rd2+
53. Ke3 f1=N# 0-1

[Event "29th Metz Open - B"]
[Site "Longeville-les-Metz"]
[Date "2011.05.03"]
[Round "2.2"]
[White "Lombard, Christophe"]
[Black "Vaillant, Stephane"]
[Result "1/2-1/2"]
[WhiteElo "1805"]
[BlackElo "1998"]
[PlyCount "91"]
[EventDate "2011.05.02"]
[Source "Roland WIMMER, Pierre BECKER (FA)"]
[SourceDate "2011.05.18"]

1. e4 e6 2. d4 d5 3. exd5 exd5 4. Bd3 Bd6 5. Qf3 c6 6. Ne2 Qf6 7. Qxf6 Nxf6 8.
Ng3 h6 9. Nf5 Bxf5 10. Bxf5 Nbd7 11. Be3 O-O 12. O-O Rfe8 13. Nd2 Nb6 14. h3
Rad8 15. Bd3 Kf8 16. c3 Bc7 17. Nf3 Ne4 18. Nd2 f5 19. f3 Nxc3 20. Bxh6 Ne2+
21. Bxe2 Rxe2 22. Bg5 Rde8 23. Rf2 Bg3 24. Rxe2 Rxe2 25. Kf1 Re8 26. b3 Bd6 27.
Re1 Rxe1+ 28. Kxe1 Kf7 29. Ke2 Kg6 30. Bd8 Nd7 31. g4 Nf8 32. Bh4 Ne6 33. Ke3
Bf4+ 34. Kd3 Ng5 35. Bxg5 Kxg5 36. Nf1 g6 37. Ne3 b6 38. h4+ Kf6 39. g5+ Ke6
40. Nf1 Bd6 41. a4 c5 42. dxc5 bxc5 43. Ne3 d4 44. Ng2 Kd5 45. f4 Bc7 46. Kc2
1/2-1/2

[Event "29th Metz Open - B"]
[Site "Longeville-les-Metz"]
[Date "2011.05.03"]
[Round "2.3"]
[White "Paturaux, Laurent"]
[Black "Steininger, Denis"]
[Result "1-0"]
[WhiteElo "1799"]
[BlackElo "1978"]
[PlyCount "111"]
[EventDate "2011.05.02"]
[Source "Roland WIMMER, Pierre BECKER (FA)"]
[SourceDate "2011.05.18"]

1. Nf3 c5 2. g3 b6 3. Bg2 Bb7 4. c4 e5 5. d3 f5 6. Nc3 Nf6 7. e4 fxe4 8. Ng5
Be7 9. Ngxe4 Nc6 10. Nxf6+ Bxf6 11. Qh5+ Kf8 12. Bd5 Qe8 13. Qxe8+ Rxe8 14. Nb5
a6 15. Nd6 Rb8 16. Nxb7 Rxb7 17. O-O Rc7 18. Be3 Nb4 19. Be4 d5 20. cxd5 Rd7
21. a3 Nxd5 22. Rac1 Ke7 23. b4 Nxe3 24. fxe3 cxb4 25. axb4 Bg5 26. Rf3 Rf8 27.
Kf2 Rxf3+ 28. Kxf3 h6 29. h4 Bf6 30. Bf5 Ra7 31. Rc6 a5 32. Re6+ Kf8 33. Rxb6
a4 34. Be6 a3 35. Ba2 Ke7 36. b5 Kd7 37. Ke4 Ra4+ 38. Kd5 Rg4 39. Rb7+ Ke8 40.
Ra7 Bd8 41. Rxa3 Rxg3 42. Ra8 Rxe3 43. Bc4 Re1 44. Kc6 Rb1 45. Rb8 g5 46. hxg5
hxg5 47. Bd5 Rc1+ 48. Kd6 g4 49. b6 e4 50. Bxe4 Rb1 51. b7 g3 52. Bc6+ Kf7 53.
Rxd8 Rb6 54. b8=Q Rxc6+ 55. Kxc6 g2 56. Qf4+ 1-0

[Event "29th Metz Open - B"]
[Site "Longeville-les-Metz"]
[Date "2011.05.03"]
[Round "2.4"]
[White "Van Rienen, Willy"]
[Black "Blanchard, Alain"]
[Result "0-1"]
[WhiteElo "1967"]
[BlackElo "1792"]
[PlyCount "46"]
[EventDate "2011.05.02"]
[Source "Roland WIMMER, Pierre BECKER (FA)"]
[SourceDate "2011.05.18"]

1. d4 d5 2. Nf3 Nf6 3. c4 e6 4. Nc3 c6 5. e3 Bd6 6. c5 Bc7 7. Bd3 Nbd7 8. O-O
O-O 9. Qc2 e5 10. dxe5 Nxe5 11. Nxe5 Bxe5 12. Ne2 Bxh2+ 13. Kh1 Bc7 14. f4 Re8
15. Rf3 Bg4 16. Rf2 g6 17. b4 Nh5 18. Kg1 Qh4 19. Qc3 Re6 20. Bb2 f6 21. Qd2
Bxe2 22. Bxe2 Ng3 23. Rf3 Qh1+ 0-1

[Event "29th Metz Open - B"]
[Site "Longeville-les-Metz"]
[Date "2011.05.03"]
[Round "2.5"]
[White "Micottis, Dorian"]
[Black "Mitrovic, Slobodan"]
[Result "1-0"]
[WhiteElo "1783"]
[BlackElo "1915"]
[PlyCount "111"]
[EventDate "2011.05.02"]
[Source "Roland WIMMER, Pierre BECKER (FA)"]
[SourceDate "2011.05.18"]

1. d4 d5 2. Bf4 e6 3. e3 c5 4. c3 Nc6 5. Nd2 Nf6 6. Bd3 c4 7. Bc2 Bd6 8. Bg3 g6
9. f4 b5 10. a3 Nh5 11. Ngf3 f5 12. Bh4 Be7 13. Bxe7 Qxe7 14. Ne5 Nxe5 15. dxe5
Qh4+ 16. Ke2 Qg4+ 17. Kf2 Qxd1 18. Bxd1 Ng7 19. a4 Bd7 20. axb5 Bxb5 21. Ra5
Bd7 22. Ba4 Bxa4 23. Rxa4 O-O 24. Rha1 Rf7 25. Ke2 Rb7 26. R1a2 Rab8 27. Rxa7
Rxa7 28. Rxa7 Rxb2 29. Kd1 Rb8 30. Kc2 h6 31. Nf3 Rf8 32. Nd4 Rf7 33. Ra8+ Rf8
34. Rxf8+ Kxf8 35. Kb2 Ke7 36. Ka3 Kd7 37. Kb4 g5 38. Kc5 g4 39. Kb6 h5 40. g3
Ne8 41. Nb5 Ng7 42. Nd6 Ke7 43. Kc7 h4 44. gxh4 Nh5 45. Nb5 g3 46. hxg3 Nxg3
47. Nd4 Ne4 48. Ne2 Nf2 49. h5 Ng4 50. Nd4 Nxe3 51. h6 Kf7 52. h7 Kg7 53. Kd7
Kxh7 54. Kxe6 Kg6 55. Kd7 Ng4 56. Kd6 1-0

[Event "29th Metz Open - B"]
[Site "Longeville-les-Metz"]
[Date "2011.05.03"]
[Round "2.6"]
[White "Schmidt, Alain"]
[Black "N'Guyen, Emilien"]
[Result "1/2-1/2"]
[WhiteElo "1866"]
[BlackElo "1781"]
[PlyCount "55"]
[EventDate "2011.05.02"]
[Source "Roland WIMMER, Pierre BECKER (FA)"]
[SourceDate "2011.05.18"]

1. d4 d5 2. Nf3 Nc6 3. Bf4 Nf6 4. h3 Bf5 5. c3 e6 6. e3 a6 7. Bd3 Bxd3 8. Qxd3
Na5 9. Nbd2 c5 10. dxc5 Nc6 11. b4 Nd7 12. Bg3 b6 13. cxb6 Qxb6 14. O-O Be7 15.
Rab1 O-O 16. a3 Nf6 17. c4 dxc4 18. Nxc4 Qb7 19. Rfc1 Rfd8 20. Qe2 Ne4 21. Bh2
Rd5 22. Nce5 Nxe5 23. Bxe5 Rc8 24. Ba1 Rxc1+ 25. Rxc1 a5 26. Qc4 axb4 27. axb4
Qxb4 28. Qxb4 1/2-1/2

[Event "29th Metz Open - B"]
[Site "Longeville-les-Metz"]
[Date "2011.05.03"]
[Round "2.7"]
[White "Vuillemard, Jean-Marc"]
[Black "Poss, Guillaume"]
[Result "1/2-1/2"]
[WhiteElo "1770"]
[BlackElo "1859"]
[PlyCount "65"]
[EventDate "2011.05.02"]
[Source "Roland WIMMER, Pierre BECKER (FA)"]
[SourceDate "2011.05.18"]

1. e4 c5 2. Nc3 Nc6 3. g3 d6 4. Bg2 g6 5. d3 Bg7 6. Nf3 Nf6 7. O-O O-O 8. h3
Rb8 9. Be3 b5 10. e5 Nd7 11. exd6 exd6 12. Rb1 Nf6 13. Qd2 Re8 14. Bg5 Be6 15.
Nh2 Qd7 16. g4 d5 17. Qf4 d4 18. Bxf6 dxc3 19. Bxg7 Kxg7 20. Bxc6 Qxc6 21. Qe5+
Kg8 22. Qxc3 Bxa2 23. Ra1 Bd5 24. d4 Bc4 25. Rfe1 cxd4 26. Qxd4 a6 27. Qf4
Rxe1+ 28. Rxe1 Re8 29. Rxe8+ Qxe8 30. Qd2 Qe4 31. g5 Be6 32. Qd8+ Kg7 33. Qf6+
1/2-1/2

[Event "29th Metz Open - B"]
[Site "Longeville-les-Metz"]
[Date "2011.05.03"]
[Round "2.8"]
[White "Hehn, Aymeric"]
[Black "Schoumert, Robert"]
[Result "1-0"]
[WhiteElo "1853"]
[BlackElo "1769"]
[PlyCount "41"]
[EventDate "2011.05.02"]
[Source "Roland WIMMER, Pierre BECKER (FA)"]
[SourceDate "2011.05.18"]

1. d4 d5 2. c4 c6 3. Nf3 Nf6 4. Nc3 dxc4 5. e3 b5 6. a4 Qb6 7. axb5 cxb5 8. b3
e6 9. bxc4 Bb4 10. Bd2 bxc4 11. Bxc4 O-O 12. O-O Bb7 13. Ne5 Nbd7 14. Na4 Qc7
15. Bxb4 Nxe5 16. dxe5 Rfd8 17. Qe2 Qxe5 18. Bc3 Qg5 19. f4 Qg4 20. Bxf6 Qxe2
21. Bxe2 1-0

[Event "29th Metz Open - B"]
[Site "Longeville-les-Metz"]
[Date "2011.05.03"]
[Round "2.9"]
[White "Pierrot, Fabrice"]
[Black "Flamant, Jacky"]
[Result "1-0"]
[WhiteElo "1767"]
[BlackElo "1832"]
[PlyCount "59"]
[EventDate "2011.05.02"]
[Source "Roland WIMMER, Pierre BECKER (FA)"]
[SourceDate "2011.05.18"]

1. d4 Nf6 2. Nf3 d5 3. c4 c6 4. Nc3 dxc4 5. g3 Bf5 6. Bg2 e6 7. Ne5 Nbd7 8.
Nxc4 Be7 9. e4 Bg6 10. O-O O-O 11. a4 Bb4 12. Qe2 Nb6 13. Nxb6 Qxb6 14. Rd1
Rad8 15. Qe3 Rd7 16. e5 Nd5 17. Nxd5 cxd5 18. Bd2 Rc8 19. a5 Bxd2 20. axb6 Bxe3
21. bxa7 Bxf2+ 22. Kxf2 Rdd8 23. Rdc1 Ra8 24. Rc7 f6 25. Rxb7 fxe5 26. dxe5 Be8
27. Ra6 Bf7 28. Rab6 g6 29. Rb8 Kg7 30. Rxd8 1-0

[Event "29th Metz Open - B"]
[Site "Longeville-les-Metz"]
[Date "2011.05.03"]
[Round "2.10"]
[White "Malglaive, Jean-Louis"]
[Black "Duda, Richard"]
[Result "1-0"]
[WhiteElo "1815"]
[BlackElo "1763"]
[PlyCount "89"]
[EventDate "2011.05.02"]
[Source "Roland WIMMER, Pierre BECKER (FA)"]
[SourceDate "2011.05.18"]

1. e4 d5 2. exd5 Nf6 3. d4 Nxd5 4. c4 Nb6 5. Nc3 e5 6. Nf3 exd4 7. Nxd4 Bc5 8.
Be3 Qe7 9. Qd2 O-O 10. O-O-O Bxd4 11. Bxd4 Nc6 12. c5 Nxd4 13. Qxd4 Nd7 14. b4
c6 15. Ne4 a5 16. Nd6 Nf6 17. Bc4 Be6 18. Rhe1 axb4 19. Nxf7 Nd5 20. Nd6 Qd7
21. Qe5 Bf7 22. Nf5 Bg6 23. Ne7+ Kh8 24. Nxg6+ hxg6 25. Qg5 Qf5 26. Re5 Qxg5+
27. Rxg5 Rxf2 28. Rd2 Raf8 29. Bxd5 cxd5 30. Rgxd5 Kg8 31. Kb2 R2f4 32. Kb3
R8f5 33. Ka4 Rc4 34. Kb5 Rcf4 35. Rd7 Rf7 36. Kb6 b3 37. axb3 Rb4+ 38. Ka7 Rxb3
39. Rxf7 Kxf7 40. Rd7+ Kf6 41. Rxb7 Ra3+ 42. Kb8 Rc3 43. Rb6+ Kf7 44. c6 Ke7
45. Rb7+ 1-0

[Event "29th Metz Open - B"]
[Site "Longeville-les-Metz"]
[Date "2011.05.03"]
[Round "3.1"]
[White "Donchenko, Irina"]
[Black "Micottis, Dorian"]
[Result "0-1"]
[WhiteElo "2058"]
[BlackElo "1783"]
[PlyCount "72"]
[EventDate "2011.05.02"]
[Source "Roland WIMMER, Pierre BECKER (FA)"]
[SourceDate "2011.05.18"]

1. d4 Nf6 2. Nf3 g6 3. c4 Bg7 4. Nc3 d5 5. Qa4+ Bd7 6. Qb3 dxc4 7. Qxc4 O-O 8.
Bf4 c6 9. e3 Be6 10. Qb4 Qb6 11. Qxb6 axb6 12. Bxb8 Raxb8 13. Ng5 Bg4 14. h3
Bd7 15. Bc4 b5 16. Bb3 b6 17. Nge4 Nxe4 18. Nxe4 Bf5 19. Ng3 Bd7 20. Rd1 Rfd8
21. Ne4 h6 22. g4 c5 23. f3 Bc6 24. d5 Bb7 25. Nc3 c4 26. Bc2 b4 27. Na4 Rxd5
28. Rxd5 Bxd5 29. Kf2 b5 30. Nc5 Bxb2 31. Na6 Ra8 32. Nc7 Rxa2 33. Nxd5 Ba3 34.
Rb1 Rxc2+ 35. Kg3 b3 36. Nc7 Bd6+ 0-1

[Event "29th Metz Open - B"]
[Site "Longeville-les-Metz"]
[Date "2011.05.03"]
[Round "3.2"]
[White "Blanchard, Alain"]
[Black "Hehn, Aymeric"]
[Result "1-0"]
[WhiteElo "1792"]
[BlackElo "1853"]
[PlyCount "67"]
[EventDate "2011.05.02"]
[Source "Roland WIMMER, Pierre BECKER (FA)"]
[SourceDate "2011.05.18"]

1. d4 e6 2. c4 b6 3. e4 Bb7 4. Bd3 f5 5. exf5 Bxg2 6. Qh5+ g6 7. fxg6 Bg7 8.
gxh7+ Kf8 9. hxg8=Q+ Kxg8 10. Qg4 Bxh1 11. Bg5 Qf8 12. Nd2 Qf7 13. O-O-O Qh5
14. Qg3 Qxh2 15. Qe3 Nc6 16. Ndf3 Qh5 17. Be4 Bh6 18. Bxc6 Bxg5 19. Nxg5 Bxc6
20. d5 exd5 21. cxd5 Bb7 22. N1h3 Re8 23. Qf4 Rf8 24. Qd4 Qh4 25. Qe5 Qc4+ 26.
Kb1 Bxd5 27. b3 Qb5 28. Rg1 Qd3+ 29. Ka1 Bg2 30. Nf4 Rxf4 31. Qxf4 Qc3+ 32. Kb1
Qd3+ 33. Kb2 Qd5 34. Rxg2 1-0

[Event "29th Metz Open - B"]
[Site "Longeville-les-Metz"]
[Date "2011.05.03"]
[Round "3.3"]
[White "Pierrot, Fabrice"]
[Black "Malglaive, Jean-Louis"]
[Result "0-1"]
[WhiteElo "1767"]
[BlackElo "1815"]
[PlyCount "82"]
[EventDate "2011.05.02"]
[Source "Roland WIMMER, Pierre BECKER (FA)"]
[SourceDate "2011.05.18"]

1. e4 Nf6 2. e5 Nd5 3. d4 d6 4. c4 Nb6 5. f4 dxe5 6. fxe5 c5 7. Nf3 Bg4 8. Be2
e6 9. O-O Nc6 10. d5 exd5 11. Ng5 Be6 12. Nxe6 fxe6 13. Bh5+ g6 14. Bg4 Qe7 15.
cxd5 Nxd5 16. Nc3 Rd8 17. Qa4 Nb6 18. Qb5 Rd4 19. Bh3 Rb4 20. Qe2 Bg7 21. a3
Rh4 22. Ne4 Rxe4 23. Qxe4 Bxe5 24. Bh6 Bxb2 25. Rae1 Bd4+ 26. Kh1 e5 27. Rf3
Nc4 28. Ref1 Nd6 29. Qe2 Qh4 30. Rf8+ Rxf8 31. Rxf8+ Ke7 32. Rf1 Qxh6 33. Qg4
Nf5 34. Qf3 Qf4 35. Qe2 Qe3 36. Qb5 Nd6 37. Qa4 Qe2 38. g3 Ne4 39. Qb3 Nf2+ 40.
Rxf2 Qxf2 41. Qe6+ Kf8 0-1

[Event "29th Metz Open - B"]
[Site "Longeville-les-Metz"]
[Date "2011.05.03"]
[Round "3.4"]
[White "Greiner, Leon"]
[Black "Paturaux, Laurent"]
[Result "0-1"]
[WhiteElo "1592"]
[BlackElo "1799"]
[PlyCount "88"]
[EventDate "2011.05.02"]
[Source "Roland WIMMER, Pierre BECKER (FA)"]
[SourceDate "2011.05.18"]

1. d4 Nf6 2. Bf4 e6 3. e3 d5 4. Bd3 c5 5. c3 Nc6 6. Nf3 a6 7. Nbd2 b5 8. Ne5
Bd7 9. Ndf3 Qb6 10. Nxc6 Bxc6 11. O-O Rc8 12. Qe2 Bb7 13. Rfc1 c4 14. Bc2 b4
15. Ne5 Bc6 16. Qd1 Nd7 17. Nxd7 Bxd7 18. Qd2 Be7 19. Bd1 a5 20. a3 O-O 21.
axb4 axb4 22. Bf3 Bc6 23. Qe1 Ra8 24. Rxa8 Rxa8 25. Ra1 Qb7 26. Qc1 b3 27. Qb1
Ra6 28. e4 Qa8 29. Rxa6 Qxa6 30. exd5 Bxd5 31. Bxd5 exd5 32. Qe1 Qe6 33. Qxe6
fxe6 34. Kf1 g5 35. Be5 Ba3 36. Ke1 Bxb2 37. Kd2 Ba3 38. Bf6 g4 39. Bg5 Bd6 40.
h3 h5 41. hxg4 hxg4 42. Kd1 e5 43. Be3 exd4 44. Bxd4 Kf7 0-1